书目信息 |
| 题名: |
半九别集
|
|
| 作者: | 绿原, 著 | |
| 分册: | ||
| 出版信息: | 银川 宁夏人民出版社 2010.05 |
|
| 页数: | 263页 | |
| 开本: | 21cm | |
| 丛书名: | 火烈鸟文丛 | |
| 单 册: | ||
| 中图分类: | I267 | |
| 科图分类: | ||
| 主题词: | 散文集--San Wen Ji--中国--当代 | |
| 电子资源: | ||
| ISBN: | 978-7-227-03397-4 | |
| 000 | 00863nam 2200253 450 | |
| 001 | CAL 012007032932 | |
| 005 | 20111224101634.78 | |
| 010 | @a978-7-227-03397-4@dCNY33.80 | |
| 100 | @a20070301d2010 ekmy0chiy50 ea | |
| 101 | 0 | @achi |
| 102 | @aCN@b640000 | |
| 105 | @ay z 000cy | |
| 200 | 1 | @a半九别集@ABan Jiu Bie Ji@f绿原著 |
| 205 | @a第2版 | |
| 210 | @a银川@c宁夏人民出版社@d2010.05 | |
| 215 | @a263页@d21cm | |
| 225 | 2 | @a火烈鸟文丛@AHuo Lie Niao Wen Cong |
| 330 | @a本书是散文、随笔集,分为五个栏目,以中国历史文化发展为大背景,表达作者对文化、文学、人生的回顾与感悟,风格独特。 | |
| 410 | 0 | @12001 @a火烈鸟文丛 |
| 606 | 0 | @a散文集@ASan Wen Ji@y中国@z当代 |
| 690 | @aI267@v4 | |
| 701 | 0 | @a绿原,@ALu Yuan@f1922-2009@4著@3CAL n2004205359#@7jt0yjt0y@7ec0yec0y |
| 801 | 0 | @aCN@bZZRC@c20111224 |
| 905 | @a郑州市财税学校图书馆@dI267@eL9171=2@f3 | |
| 半九别集/绿原著.-第2版.-银川:宁夏人民出版社,2010.05 |
| 263页;21cm.-(火烈鸟文丛) |
| ISBN 978-7-227-03397-4:CNY33.80 |
| 本书是散文、随笔集,分为五个栏目,以中国历史文化发展为大背景,表达作者对文化、文学、人生的回顾与感悟,风格独特。 |
| ● |
| 相关链接 |
|
|
|
正题名:半九别集
索取号:I267/L9171=2
 
预约/预借
| 序号 | 登录号 | 条形码 | 馆藏地/架位号 | 状态 | 备注 |
| 1 | 1065112 | 210651123 | 社科二线422/422社科库 53排2列2层/ [索取号:I267/L9171=2] | 在馆 | |
| 2 | 1065113 | 210651132 | 文学库116/116文学库 5排5列5层/ [索取号:I267/L9171=2] | 在馆 | |
| 3 | 1065114 | 210651141 | 文学库116/116文学库 5排5列5层/ [索取号:I267/L9171=2] | 在馆 |